000 00585nam a2200205Ii 4500
001 22819
003 CO-ViMGA
008 241108s9999||||xx |||||||||||||| ||und||
040 _aCO-ViMGA
_bspa
_erda
_cCO-ViMGA
041 0 _aspa
084 _aN GAL3c
100 1 _aGallegos, Rómulo,
_d1884-1969
_947183
245 1 0 _aCantaclaro
264 1 _aBogotá, Colombia : Círculo de Lectores, 1977
300 _avolumen
336 _atext
_btxt
_2rdacontent
337 _aunmediated
_bn
_2rdamedia
338 _avolume
_bnc
_2rdacarrier
940 _aidficha_siabuc: 21260. -- ficha_no_siabuc:22819
999 _c41763
_d41763